|
|
|
|
| LEADER |
00000cam a2200000 a 4500 |
| 001 |
vtls008402289 |
| 003 |
SK-MaSNL |
| 005 |
20260301221316.0 |
| 008 |
250312s1951 xo g 000 0dslo |
| 015 |
|
|
|a SNBA19451955-012555
|
| 020 |
|
|
|q (viazané)
|
| 035 |
|
|
|a SK01SNKBKSFS20020094506
|
| 035 |
|
|
|a urn:nbn:sk:snk-am3idsr
|
| 035 |
|
|
|a urn:nbn:sk:snk-am00e68s
|
| 035 |
|
|
|a C817EF95-F404-4BF5-95C5-04DFC46975F1
|
| 035 |
|
|
|a SKM000096969
|
| 040 |
|
|
|a SNK
|b slo
|c SNK
|e AACR2
|
| 041 |
1 |
|
|a slo
|h fre
|
| 043 |
|
|
|a e-fr---
|
| 044 |
|
|
|a xo
|c SK
|
| 072 |
|
7 |
|a 32
|x Politika
|2 konspekt
|
| 072 |
|
7 |
|a 929
|x Biografie
|2 konspekt
|
| 080 |
|
|
|a 32-051
|2 2011
|
| 080 |
|
|
|a 329.15-051
|2 2011
|
| 080 |
|
|
|a 316.343-058.14
|2 2011
|
| 080 |
|
|
|a 328/329
|2 2011
|
| 080 |
|
|
|a (44)
|2 2011
|
| 080 |
|
|
|a (0:82-94)
|2 2011
|
| 100 |
1 |
|
|a Thorez, Maurice,
|d 1900-1964
|4 aut
|9 525118
|
| 240 |
1 |
0 |
|a Fils du peuple
|l Slovensky
|
| 245 |
1 |
0 |
|a Syn ľudu
|c Maurice Thorez ; [z franc. orig. prel. Soňa Hollá-Hlavajová]
|
| 250 |
|
|
|a 1. vydanie
|
| 260 |
|
|
|a Bratislava
|b Pravda
|c 1951
|
| 300 |
|
|
|a 200 strán
|c 20 cm
|
| 366 |
|
|
|e 10000 kusov
|
| 500 |
|
|
|a Obsahuje bibliografické odkazy
|
| 600 |
1 |
7 |
|a Thorez, Maurice,
|d 1900-1964
|2 SNKMA
|9 525118
|
| 648 |
|
7 |
|a 20. storočie
|2 SNKPH
|9 278343
|
| 648 |
|
7 |
|a 20th century
|2 SNKPHeng
|9 277995
|
| 650 |
0 |
7 |
|a politici
|2 SNKPH
|9 2679
|
| 650 |
0 |
7 |
|a komunisti
|2 SNKPH
|9 2160
|
| 650 |
0 |
7 |
|a robotníci
|2 SNKPH
|9 4872
|
| 650 |
0 |
7 |
|a Politicians
|2 SNKPHeng
|9 281560
|
| 650 |
0 |
7 |
|a Communists
|2 SNKPHeng
|9 308033
|
| 650 |
0 |
7 |
|a Working class
|2 SNKPHeng
|9 278814
|
| 651 |
|
7 |
|a Francúzsko
|x politika a vláda
|2 SNKPHgeo
|9 609530
|
| 651 |
|
7 |
|a France
|x politics and government
|2 SNKPHeng
|9 599815
|
| 655 |
|
7 |
|a autobiografické spomienky
|2 SNKPH
|9 70489
|
| 655 |
|
7 |
|a Autobiographical reminiscences
|2 SNKPHeng
|9 302514
|
| 700 |
1 |
|
|a Hollá, Soňa,
|d 1920-1995
|4 trl
|9 103897
|
| 852 |
|
|
|a Slovenská národná knižnica
|
| 958 |
|
|
|a RK
|
| 958 |
|
|
|a TL
|
| 958 |
|
|
|a OP
|
| 958 |
|
|
|a NB
|
| 958 |
|
|
|a FR
|
| 958 |
|
|
|a BC
|
| 958 |
|
|
|a OND
|
| 999 |
|
|
|c 935328
|d 937258
|
| 952 |
|
|
|a SNK
|b SNK
|y PREZ
|7 0
|p 17A0767764
|o snkSC 4672
|i snk3879/51
|0 0
|1 0
|4 0
|d 2011-12-07
|f 1
|l 0
|r 2025-06-25 00:00:00
|w 2026-02-24
|
| 952 |
|
|
|t P60, <04>, [BOOK], {604}
|a SNK
|b SNK
|y VYP
|7 0
|p 17A0248383
|o snkSC 4672 D1
|0 0
|1 0
|4 0
|d 2000-08-22
|l 0
|r 2005-01-02 00:00:00
|w 2026-02-24
|